000 00307nam a22001457a 4500
008 211012b ||||| |||| 00| 0 eng d
020 _a9781889140162
041 _aeng
080 _a159.9
082 _a159.9
100 _a48
101 _aPSI
245 _a1-2-3 Magic
_cPhelan,Th.W
942 _2udc
_cBK
999 _c58167
_d58167